Notas sobre las relaciones de poder en la docencia universitaria de las ciencias sociales : el profesor y el alumno (Record no. 73470)
[ view plain ]
| 000 -CABECERA | |
|---|---|
| campo de control de longitud fija | 00639nam a2200193 a 4500 |
| 005 - FECHA Y HORA DE LA ÚLTIMA TRANSACCIÓN | |
| campo de control | 20210219153310.0 |
| 008 - ELEMENTOS DE LONGITUD FIJA--INFORMACIÓN GENERAL | |
| campo de control de longitud fija | 991125n 000 0 u |
| 035 ## - NÚMERO DE CONTROL DEL SISTEMA | |
| Número de control de sistema | UPN01000089968 |
| 100 ## - ASIENTO PRINCIPAL--NOMBRE PERSONAL | |
| Nombre de persona | DELGADO REYNOSO, Juan Manuel |
| 222 ## - TÍTULO CLAVE | |
| Título clave | PEDAGOGIA : REVISTA DE LA UNIVERSIDAD PEDAGOGICA NACIONAL |
| 245 ## - MENCIÓN DE TÍTULO | |
| Título | Notas sobre las relaciones de poder en la docencia universitaria de las ciencias sociales : el profesor y el alumno |
| 300 ## - DESCRIPCIÓN FÍSICA | |
| Extensión | 55-60 |
| 362 ## - FECHAS DE PUBLICACIÓN Y/O DESIGNACIÓN SECUENCIAL | |
| Fecha de publicación y/o designación secuencial | 1988 Vol. 5, no. 15 jul.-sep. |
| 653 0# - TERMINO DE INDIZACION - NO CONTROLADO | |
| Término no controlado | EDUCACION SUPERIOR |
| 653 0# - TERMINO DE INDIZACION - NO CONTROLADO | |
| Término no controlado | INTERACCION MAESTRO-ALUMNO |
| 653 0# - TERMINO DE INDIZACION - NO CONTROLADO | |
| Término no controlado | PODER |
| 904 ## - ELEMENTOS DE DATOS D LOCAL, LDD (RLIN) | |
| a | AC |
| b | 027779 |
| 905 ## - TIPO DE MATERIAL | |
| Tipo de material | Articulo |
No items available.
